ARRUPE JESUIT UNIVERSITY

CORONAVIRUS -STOP THE SPREAD - CLEAN,DISINFECT,COVER

My faith is my life (Record no. 120073)

MARC details
000 -LEADER
fixed length control field 00551nam a22001577a 4500
008 - FIXED-LENGTH DATA ELEMENTS--GENERAL INFORMATION
fixed length control field 140217b xxu||||| |||| 00| 0 eng d
020 ## - INTERNATIONAL STANDARD BOOK NUMBER
International Standard Book Number 9780797452480
050 ## - LIBRARY OF CONGRESS CALL NUMBER
Classification number BT771.2.N338 2012
100 ## - MAIN ENTRY--PERSONAL NAME
Personal name Mabuza Ncube, Raphael
9 (RLIN) 8700
245 ## - TITLE STATEMENT
Title My faith is my life
Remainder of title Deepening and proclaiming our faith in the Archdiocese of Bulawayo /
Statement of responsibility, etc Fr. Raphael Mabuza Ncube
260 ## - PUBLICATION, DISTRIBUTION, ETC. (IMPRINT)
Place of publication, distribution, etc Plumtree
Name of publisher, distributor, etc IIizwi Publications
Date of publication, distribution, etc 2012
300 ## - PHYSICAL DESCRIPTION
Extent 152p.
Dimensions 23cm.
650 ## - SUBJECT ADDED ENTRY--TOPICAL TERM
Topical term or geographic name as entry element Faith
9 (RLIN) 8701
650 ## - SUBJECT ADDED ENTRY--TOPICAL TERM
Topical term or geographic name as entry element Catholic Church
Geographic subdivision Zimbabwe
General subdivision Bulawayo
9 (RLIN) 8702
942 ## - ADDED ENTRY ELEMENTS (KOHA)
Source of classification or shelving scheme Library of Congress Classification
Item type Monograph ( Printed materials)
Holdings
Withdrawn status Lost status Source of classification or shelving scheme Damaged status Not for loan Home library Current library Shelving location Date acquired Total Checkouts Full call number Barcode Date last seen Price effective from Koha item type
    Library of Congress Classification     ARRUPE LIBRARY ARRUPE LIBRARY Main Collection 17/02/2014   BT771.2.N338 2012 46500002296 01/12/2016 17/02/2014 Monograph ( Printed materials)

 

Arrupe Library. PO Box MP320 Mt Pleasant, Harare, Zimbabwe
263 242 745411|librarian@aju.ac.zw